<?xml version="1.0" encoding="UTF-8"?>
<record
    xmlns:xsi="http://www.w3.org/2001/XMLSchema-instance"
    xsi:schemaLocation="http://www.loc.gov/MARC21/slim http://www.loc.gov/standards/marcxml/schema/MARC21slim.xsd"
    xmlns="http://www.loc.gov/MARC21/slim">

  <leader>01835nam a2200253   4500</leader>
  <controlfield tag="001">79111</controlfield>
  <controlfield tag="003">BD-RjUL</controlfield>
  <controlfield tag="005">20220103144130.0</controlfield>
  <controlfield tag="008">220103s2021    bg a|||| |||| 00| 0 ben d</controlfield>
  <datafield tag="035" ind1=" " ind2=" ">
    <subfield code="a">(BD-RjUL)79111</subfield>
  </datafield>
  <datafield tag="040" ind1=" " ind2=" ">
    <subfield code="a">BD-RjUL</subfield>
    <subfield code="b">eng</subfield>
    <subfield code="c">BD-RjUL</subfield>
  </datafield>
  <datafield tag="041" ind1=" " ind2=" ">
    <subfield code="a">eng</subfield>
  </datafield>
  <datafield tag="082" ind1=" " ind2=" ">
    <subfield code="2">23</subfield>
    <subfield code="a">491.442</subfield>
    <subfield code="b">KAB 2021</subfield>
  </datafield>
  <datafield tag="100" ind1=" " ind2=" ">
    <subfield code="a">&#x995;&#x9AC;&#x9BF;&#x9B0;, &#x9AE;&#x9CB;. &#x9B9;&#x9C1;&#x9AE;&#x9BE;&#x9AF;&#x9BC;&#x9C1;&#x9A8;</subfield>
    <subfield code="9">472</subfield>
  </datafield>
  <datafield tag="245" ind1="1" ind2="0">
    <subfield code="a">&#x9AC;&#x999;&#x9CD;&#x997; &#x993; &#x9AC;&#x999;&#x9CD;&#x997;&#x9BE;&#x9B2; &#x9B6;&#x9AC;&#x9CD;&#x9A6;&#x9C7;&#x9B0; &#x989;&#x9CE;&#x9AA;&#x9A4;&#x9CD;&#x9A4;&#x9BF; &#x993; &#x995;&#x9CD;&#x9B0;&#x9AE;&#x9AC;&#x9BF;&#x995;&#x9BE;&#x9B6; = (Introducing and Continuation of the Bonga and Bongal words) /</subfield>
    <subfield code="c">&#x997;&#x9AC;&#x9C7;&#x9B7;&#x9A3;&#x9BE; &#x9AA;&#x9CD;&#x9B0;&#x995;&#x9B2;&#x9CD;&#x9AA; &#x9AA;&#x9B0;&#x9BF;&#x99A;&#x9BE;&#x9B2;&#x995;:  &#x9AE;&#x9CB;. &#x9B9;&#x9C1;&#x9AE;&#x9BE;&#x9AF;&#x9BC;&#x9C1;&#x9A8; &#x995;&#x9AC;&#x9BF;&#x9B0;, &#x98F;. &#x98F;&#x987;&#x99A;. &#x98F;&#x9AE;. &#x9A4;&#x9BE;&#x9B9;&#x9AE;&#x9BF;&#x9A6;&#x9C1;&#x9B0; &#x9B0;&#x9B9;&#x9AE;&#x9BE;&#x9A8;</subfield>
  </datafield>
  <datafield tag="246" ind1=" " ind2=" ">
    <subfield code="a">&#x9B6;&#x9BF;&#x9B0;&#x9CB;&#x9A8;&#x9BE;&#x9AE;:</subfield>
    <subfield code="b"> &#x9AC;&#x999;&#x9CD;&#x997; &#x993; &#x9AC;&#x999;&#x9CD;&#x997;&#x9BE;&#x9B2; &#x9B6;&#x9AC;&#x9CD;&#x9A6;&#x9C7;&#x9B0; &#x989;&#x9CE;&#x9AA;&#x9A4;&#x9CD;&#x9A4;&#x9BF; &#x993; &#x995;&#x9CD;&#x9B0;&#x9AE;&#x9AC;&#x9BF;&#x995;&#x9BE;&#x9B6; = (Introducing and Continuation of the Bonga and Bongal words) </subfield>
  </datafield>
  <datafield tag="260" ind1=" " ind2=" ">
    <subfield code="a">&#x9B0;&#x9BE;&#x99C;&#x9B6;&#x9BE;&#x9B9;&#x9C0;:</subfield>
    <subfield code="b">&#x99A;&#x9BE;&#x9B0;&#x9C1;&#x995;&#x9B2;&#x9BE; &#x985;&#x9A8;&#x9C1;&#x9B7;&#x9A6;,</subfield>
    <subfield code="c">&#x9E8;&#x9E6;&#x9E8;&#x9E7;</subfield>
  </datafield>
  <datafield tag="300" ind1=" " ind2=" ">
    <subfield code="a">&#x9E8;&#x9E8;&#x9E7; &#x9AA;&#x9BE;&#x9A4;&#x9BE;:</subfield>
    <subfield code="b">&#x99A;&#x9BF;&#x9A4;&#x9CD;&#x9B0; ;</subfield>
    <subfield code="c">&#x9E8;&#x9EE; &#x9B8;&#x9C7;&#x9AE;&#x9BF;.</subfield>
  </datafield>
  <datafield tag="500" ind1=" " ind2=" ">
    <subfield code="a">"&#x9B0;&#x9BE;&#x99C;&#x9B6;&#x9BE;&#x9B9;&#x9C0; &#x9AC;&#x9BF;&#x9B6;&#x9CD;&#x9AC;&#x9AC;&#x9BF;&#x9A6;&#x9CD;&#x9AF;&#x9BE;&#x9B2;&#x9AF;&#x9BC;&#x9C7;&#x9B0; &#x99A;&#x9BE;&#x9B0;&#x9C1;&#x995;&#x9B2;&#x9BE; &#x985;&#x9A8;&#x9C1;&#x9B7;&#x9A6;&#x9C7;&#x9B0;  &#x997;&#x9AC;&#x9C7;&#x9B7;&#x9A3;&#x9BE;-&#x9AA;&#x9CD;&#x9B0;&#x995;&#x9B2;&#x9CD;&#x9AA; &#x9A8;&#x982;- &#x9E7;&#x9EA;&#x9EE;/&#x9EB;/&#x9EB;&#x9E8;/&#x9B0;&#x9BE;.&#x9AC;&#x9BF;. &#x99A;&#x9BE;&#x9B0;&#x9C1;&#x995;&#x9B2;&#x9BE;-&#x9E6;&#x9E7;/&#x9E8;&#x9E6;&#x9E7;&#x9EF;-&#x9E8;&#x9E6;&#x9E8;&#x9E6; &#x98F;&#x9B0; &#x986;&#x993;&#x9A4;&#x9BE;&#x9AF;&#x9BC; &#x997;&#x9AC;&#x9C7;&#x9B7;&#x9A3;&#x9BE;-&#x9AA;&#x9CD;&#x9B0;&#x995;&#x9B2;&#x9CD;&#x9AA;&#x9C7;&#x9B0; &#x99A;&#x9C2;&#x9A1;&#x9BC;&#x9BE;&#x9A8;&#x9CD;&#x9A4; &#x9AA;&#x9CD;&#x9B0;&#x9A4;&#x9BF;&#x9AC;&#x9C7;&#x9A6;&#x9A8;"</subfield>
  </datafield>
  <datafield tag="650" ind1=" " ind2=" ">
    <subfield code="a">&#x9AC;&#x9BE;&#x982;&#x9B2;&#x9BE; &#x9AD;&#x9BE;&#x9B7;&#x9BE;</subfield>
    <subfield code="x">&#x987;&#x9A4;&#x9BF;&#x9B9;&#x9BE;&#x9B8;</subfield>
    <subfield code="9">473</subfield>
  </datafield>
  <datafield tag="650" ind1=" " ind2=" ">
    <subfield code="a">Bengali Language</subfield>
    <subfield code="x">History</subfield>
    <subfield code="9">474</subfield>
  </datafield>
  <datafield tag="700" ind1=" " ind2=" ">
    <subfield code="a">&#x9B0;&#x9B9;&#x9AE;&#x9BE;&#x9A8;, &#x98F;. &#x98F;&#x987;&#x99A;. &#x98F;&#x9AE;. &#x9A4;&#x9BE;&#x9B9;&#x9AE;&#x9BF;&#x9A6;&#x9C1;&#x9B0;, &#x9AF;&#x9C1;&#x997;&#x9CD;&#x9AE; &#x997;&#x9AC;&#x9C7;&#x9B7;&#x9A3;&#x9BE; &#x9AA;&#x9CD;&#x9B0;&#x995;&#x9B2;&#x9CD;&#x9AA; &#x9AA;&#x9B0;&#x9BF;&#x99A;&#x9BE;&#x9B2;&#x995;</subfield>
    <subfield code="9">475</subfield>
  </datafield>
  <datafield tag="942" ind1=" " ind2=" ">
    <subfield code="2">ddc</subfield>
    <subfield code="c">DOC</subfield>
  </datafield>
  <datafield tag="999" ind1=" " ind2=" ">
    <subfield code="c">79111</subfield>
    <subfield code="d">79111</subfield>
  </datafield>
  <datafield tag="952" ind1=" " ind2=" ">
    <subfield code="0">0</subfield>
    <subfield code="1">0</subfield>
    <subfield code="2">ddc</subfield>
    <subfield code="4">0</subfield>
    <subfield code="7">1</subfield>
    <subfield code="8">DOC</subfield>
    <subfield code="a">RUCL</subfield>
    <subfield code="b">RUCL</subfield>
    <subfield code="c">Doc/The</subfield>
    <subfield code="d">2021-12-26</subfield>
    <subfield code="e">Rajshahi, Controller of Exam., R. U.</subfield>
    <subfield code="o">BDOC 491.442 KAB 2021</subfield>
    <subfield code="r">2022-01-03 00:00:00</subfield>
    <subfield code="t">C-1</subfield>
    <subfield code="y">DOC</subfield>
  </datafield>
</record>
